|
|
|
|
| LEADER |
00802cam a2200253 7i4500 |
| 001 |
0000033987 |
| 005 |
20170124090000.0 |
| 007 |
##ta |
| 008 |
170124s2003 enka b 001 0 eng |
| 020 |
# |
# |
|a 0333995546
|
| 040 |
# |
# |
|a DLC
|
| 090 |
0 |
0 |
|a B 658.408
|b LAR
|
| 100 |
1 |
# |
|a Larkin, Judy
|e author
|
| 245 |
1 |
0 |
|a Strategic Reputation Risk Management
|c Judy Larkin.
|
| 264 |
# |
1 |
|a New York:
|b Palgrave Macmillan,
|c 2003.
|
| 300 |
# |
# |
|a xii, 275 pages:
|b illustrations;
|c 24 cm.
|
| 336 |
# |
# |
|a text
|2 rdacontent
|
| 337 |
# |
# |
|a unmediated
|2 rdamedia
|
| 338 |
# |
# |
|a volume
|2 rdacarrier
|
| 504 |
# |
# |
|a Includes bibliographical references and index
|
| 650 |
# |
0 |
|a Business ethics
|
| 650 |
# |
0 |
|a Risk management
|
| 650 |
# |
0 |
|a Social responsibility of business
|
| 999 |
|
|
|a 0000037563
|b Book
|c Book
|e Business Information Centre
|